000 01689cam a2200397 a 4500
001 4995673
003 OSt
005 20150917114316.0
008 990414s1999 maua 000 0aeng
010 _a 99030692
020 _a0807072125 (cl)
040 _aDLC
_cDLC
_dDLC
043 _an-us-ma
050 0 0 _aF73.68.S7
_bM33 1999
082 0 0 _a974.4/6104/092
_aB
_221
100 1 _aMacDonald, Michael Patrick.
245 1 0 _aAll souls :
_ba family story from Southie /
_cMichael Patrick MacDonald.
260 _aBoston :
_bBeacon Press,
_cc1999.
300 _a266 p. :
_bill. ;
_c23 cm.
600 1 0 _aMacDonald, Michael Patrick
_xChildhood and youth.
600 3 0 _aMcDonald family.
650 0 _aIrish Americans
_zMassachusetts
_zBoston
_vBiography.
650 0 _aIrish American families
_zMassachusetts
_zBoston.
651 0 _aSouth Boston (Boston, Mass.)
_vBiography.
651 0 _aBoston (Mass.)
_vBiography.
651 0 _aSouth Boston (Boston, Mass.)
_xSocial life and customs.
651 0 _aSouth Boston (Boston, Mass.)
_xSocial conditions.
651 0 _aBoston (Mass.)
_xSocial life and customs.
651 0 _aBoston (Mass.)
_xSocial conditions.
856 4 2 _3Publisher description
_uhttp://www.loc.gov/catdir/description/hm031/99030692.html
856 4 2 _3Contributor biographical information
_uhttp://www.loc.gov/catdir/enhancements/fy0736/99030692-b.html
906 _a7
_bcbc
_corignew
_d1
_eocip
_f19
_gy-gencatlg
942 _2lcc
_cBK
999 _c103
_d103